Bí quyết vẽ phong cảnh

Đã lưu trong:
書目詳細資料
主要作者: Huỳnh Phạm Hương Trang
格式: 圖書
語言:Undetermined
出版: Hà Nội Mỹ Thuật 1996
主題:
標簽: 添加標簽
沒有標簽, 成為第一個標記此記錄!
Thư viện lưu trữ: Trung tâm Học liệu Trường Đại học Cần Thơ
LEADER 00550nam a2200193Ia 4500
001 CTU_39611
008 210402s9999 xx 000 0 und d
020 |b 30.000đ 
082 |a 751.7 
082 |b Tr106p 
100 |a Huỳnh Phạm Hương Trang 
245 0 |a Bí quyết vẽ phong cảnh 
245 0 |c Huỳnh Phạm Hương Trang 
260 |a Hà Nội 
260 |b Mỹ Thuật 
260 |c 1996 
650 |a painting,lanscape painting 
904 |i Minh, 001127 
980 |a Trung tâm Học liệu Trường Đại học Cần Thơ